|
|
|
|
| LEADER |
00000cam a2200000 4500 |
| 001 |
vtls012015970 |
| 003 |
SK-MaSNL |
| 005 |
20260302094259.0 |
| 008 |
210225s2020 xo o g 000 jdslo |
| 015 |
|
|
|a SNBA2023/04
|
| 020 |
|
|
|a 9788099925695
|q (brožované)
|
| 040 |
|
|
|a SNK
|b slo
|c SNK
|e rda
|
| 041 |
0 |
|
|a slo
|
| 044 |
|
|
|a xo
|c SK
|
| 072 |
|
7 |
|a 821.162.4-3
|x Slovenská próza
|2 konspekt
|
| 080 |
|
|
|a (0:82-322.6)
|2 2011
|
| 080 |
|
|
|a 821.162.4-32
|2 2011
|
| 080 |
|
|
|a (0:82-4)
|2 2011
|
| 100 |
1 |
|
|a Šimečka, Martin M.,
|d 1957-
|4 aut
|9 21215
|
| 245 |
1 |
|
|a Telesná výchova
|b úvahy bežca, plavca, tenistu a jazdca na koni o pohybe, tele a mysli
|c Martin M. Šimečka
|
| 250 |
|
|
|a [Vydanie prvé]
|
| 264 |
|
1 |
|a Bratislava
|b N Press, s.r.o.
|c 2020
|
| 300 |
|
|
|a 196 strán
|b čiernobiele fotografie
|c 19 cm
|
| 336 |
|
|
|a text
|b txt
|2 rdacontent
|
| 337 |
|
|
|a bez média
|b n
|2 rdamedia
|
| 338 |
|
|
|a zväzok
|b nc
|2 rdacarrier
|
| 490 |
1 |
|
|a Knižná edícia Denníka N
|
| 500 |
|
|
|a Obsahuje biografické údaje o autorovi
|
| 500 |
|
|
|a Na titule chybne uvedené druhé vydanie
|
| 600 |
1 |
7 |
|a Šimečka, Martin M.,
|d 1957-
|2 SNKMA
|9 21215
|
| 655 |
|
7 |
|a autobiografické príbehy
|2 SNKPH
|9 70622
|
| 655 |
|
7 |
|a slovenské príbehy
|2 SNKPH
|9 70494
|
| 655 |
|
7 |
|a úvahy
|2 SNKPH
|9 29403
|
| 655 |
|
7 |
|a Autobiographical stories
|2 SNKPHeng
|9 302869
|
| 655 |
|
7 |
|a Slovak stories
|2 SNKPHeng
|9 277112
|
| 655 |
|
7 |
|a Essays
|2 SNKPHeng
|9 267540
|
| 700 |
1 |
|
|a Kostolný, Matúš,
|d 1975-
|4 pht
|9 17275
|
| 700 |
1 |
|
|a Szigeti, László
|4 pht
|9 6882
|
| 830 |
|
0 |
|a Knižná edícia Denníka N
|9 350473
|
| 852 |
|
|
|a Slovenská národná knižnica
|
| 919 |
|
|
|a 978-80-99925-69-5
|
| 954 |
|
|
|a beletria pôvodná (slovenská)
|2 lita
|
| 958 |
|
|
|a LX
|
| 999 |
|
|
|c 1212521
|d 1214451
|
| 952 |
|
|
|a SNK
|b SNK
|y PREZ
|7 0
|p 17A1309520
|o snkSD 90969
|i snk2022/13503
|8 0
|0 0
|1 0
|4 0
|d 2022-09-07
|f 1
|l 0
|r 2026-02-24 23:17:35
|w 2026-02-24
|
| 952 |
|
|
|a SNK
|b SNK
|y VYP
|7 0
|p 17A1309521
|o snkSD 90969 D1
|i snk2022/13504
|8 0
|0 0
|1 0
|4 0
|d 2022-09-07
|l 0
|r 2026-02-24 23:17:35
|w 2026-02-24
|